| 000 | 00610nam a22001577a 4500 | ||
|---|---|---|---|
| 003 | OSt | ||
| 005 | 20160331144906.0 | ||
| 008 | 160331b xxu||||| |||| 00| 0 eng d | ||
| 040 | _cRUA | ||
| 082 | _aAVM ព្រុំ 1992 B473 Or.1 | ||
| 100 |
_98273 _aព្រុំ វឌ្ឍនា |
||
| 245 | _aការស្រាវជ្រាវអំពីការព្យាបាលជំងឺសត្វគោក្របី ដោយប្រើឱសងបូរាណនៅប្រទេសកម្ពុជា | ||
| 260 |
_aPhnom Penh _bRUA _c1992 |
||
| 300 |
_a83p. _bill. _c29cm. |
||
| 942 |
_2ddc _cAVM |
||
| 999 |
_c7913 _d7913 |
||